000 00405nam a2200157Ia 4500
008 231221s9999 xx 000 0 und d
020 _a852925816
041 _aEnglish
082 _a658.3 ARM;1 R
100 _aArmstrong, Michael and Baron, Angele
245 4 _aThe Job evaluation hand book
260 _c1995
_bCIPD
_aLondon
300 _axii, 403
650 _aJob,evaluation,hand
942 _cHM
999 _c210474
_d210474